<?xml version="1.0" encoding="UTF-8"?>
<collection xmlns="http://www.loc.gov/MARC21/slim">
<record>
  <controlfield tag="001">166906</controlfield>
  <controlfield tag="005">20260121151425.0</controlfield>
  <datafield tag="037" ind1=" " ind2=" ">
    <subfield code="a">TAZ-TFG-2025-2066</subfield>
  </datafield>
  <datafield tag="041" ind1=" " ind2=" ">
    <subfield code="a">spa</subfield>
  </datafield>
  <datafield tag="100" ind1="1" ind2=" ">
    <subfield code="a">Luna Soriano ,Daniel</subfield>
  </datafield>
  <datafield tag="242" ind1="0" ind2="0">
    <subfield code="a">Development of analytical methodology for  food safety studies in food packaging</subfield>
  </datafield>
  <datafield tag="245" ind1="0" ind2="0">
    <subfield code="a">Desarrollo de metodología analítica para  estudios de seguridad alimentaria en envases  de alimentos</subfield>
  </datafield>
  <datafield tag="260" ind1=" " ind2=" ">
    <subfield code="a">Zaragoza</subfield>
    <subfield code="b">Universidad de Zaragoza</subfield>
    <subfield code="c">2025</subfield>
  </datafield>
  <datafield tag="506" ind1=" " ind2=" ">
    <subfield code="a">by-nc-sa</subfield>
    <subfield code="b">Creative Commons</subfield>
    <subfield code="c">3.0</subfield>
    <subfield code="u">http://creativecommons.org/licenses/by-nc-sa/3.0/</subfield>
  </datafield>
  <datafield tag="520" ind1=" " ind2=" ">
    <subfield code="a">En la industria alimentaria lo más común es que el envase de alimentos y bebidas esté &lt;br />formado por distintos tipos de polímeros. Para garantizar la seguridad alimentaria es necesario &lt;br />que ninguno de los compuestos presentes en el envase pueda migrar al alimento. Para ello la &lt;br />legislación define una serie de simulantes y condiciones para simular diferentes alimentos y &lt;br />usos. Desde el punto de vista de la Química analítica es necesario desarrollar métodos cada vez &lt;br />más precisos y sensibles para poder detectar estos compuestos potencialmente migrantes.  &lt;br />En el trabajo vamos a estudiar las nuevas fibras SPME Arrow para microextracción en fase &lt;br />solida con cromatografía de gases acoplada. Observaremos el perfil analítico obtenido con &lt;br />cada fibra en distintas muestras para poder establecer un método analítico en materia de &lt;br />seguridad alimentaria con estas novedosas fibras. Las fibras SPME Arrow presentan una mejor &lt;br />capacidad de extracción y mayor reproducibilidad que las fibras SPME convencionales. De las 5 &lt;br />fibras seleccionaremos la que más compuestos extraiga y más reproducibilidad tenga. Esa será &lt;br />la fibra que usaremos para realizar el análisis de migración en simulantes alimentarios.  &lt;br />Las muestras para analizar y que vamos a estudiar para seleccionar la mejor fibra son &lt;br />poliolefinas (PO) y tereftalato de polietileno (PET). Realizaremos medidas con la muestra sólida &lt;br />para el screening de volátiles en diferentes simulantes alimentarios (preparados según la &lt;br />legislación vigente) mediante inmersión y espacio de cabeza para poder tener así una &lt;br />valoración global de que fibra es mejor y que compuestos podemos encontrarnos.&lt;br />&lt;br /></subfield>
  </datafield>
  <datafield tag="521" ind1=" " ind2=" ">
    <subfield code="a">Graduado en Ciencia y Tecnología de los Alimentos</subfield>
  </datafield>
  <datafield tag="540" ind1=" " ind2=" ">
    <subfield code="a">Derechos regulados por licencia Creative Commons</subfield>
  </datafield>
  <datafield tag="856" ind1="0" ind2=" ">
    <subfield code="f">844083@unizar.es</subfield>
  </datafield>
  <datafield tag="856" ind1="4" ind2=" ">
    <subfield code="s">1781983</subfield>
    <subfield code="u">http://zaguan.unizar.es/record/166906/files/TAZ-TFG-2025-2066.pdf</subfield>
    <subfield code="y">Memoria (spa)</subfield>
  </datafield>
  <datafield tag="909" ind1="C" ind2="O">
    <subfield code="o">oai:zaguan.unizar.es:166906</subfield>
    <subfield code="p">driver</subfield>
    <subfield code="p">trabajos-fin-grado</subfield>
  </datafield>
  <datafield tag="950" ind1=" " ind2=" ">
    <subfield code="a"></subfield>
  </datafield>
  <datafield tag="691" ind1=" " ind2=" ">
    <subfield code="a">3 9 13</subfield>
  </datafield>
  <datafield tag="692" ind1=" " ind2=" ">
    <subfield code="a">Trabajo en tecnicas analiticas para mejorar la salud de los consumidores y uso  de muestras recicladas en  el ensayo</subfield>
  </datafield>
  <datafield tag="700" ind1=" " ind2=" ">
    <subfield code="a">Domeño Recalde, Celia</subfield>
    <subfield code="e">dir.</subfield>
  </datafield>
  <datafield tag="700" ind1=" " ind2=" ">
    <subfield code="a"> Jiménez Estremera, Carlos</subfield>
    <subfield code="e">dir.</subfield>
  </datafield>
  <datafield tag="710" ind1="2" ind2=" ">
    <subfield code="a">Universidad de Zaragoza</subfield>
    <subfield code="b">Química Analítica</subfield>
    <subfield code="c">Química Analítica</subfield>
  </datafield>
  <datafield tag="980" ind1=" " ind2=" ">
    <subfield code="a">TAZ</subfield>
    <subfield code="b">TFG</subfield>
    <subfield code="c">VET</subfield>
  </datafield>
  <datafield tag="999" ind1=" " ind2=" ">
    <subfield code="a">20250603175405.CREATION_DATE</subfield>
  </datafield>
  <datafield tag="951" ind1=" " ind2=" ">
    <subfield code="a">deposita:2026-01-21</subfield>
  </datafield>
</record>
</collection>